Responses for show #7568 - Wednesday, July 5, 2017

Jon Eisenman game 4.

Contestants

Chloë Zung, a customer experience advisor from Armonk, New York

Sebastian Davis, an independent filmmaker from Los Angeles, California

Jon Eisenman, an attorney from Los Angeles, California (whose 3-day cash winnings total $64,300)

Jeopardy! Round responses

STUPID ANSWERS
IN THE OLYMPIC CITY
FREE RHYMES
HERE'S FINAL JEOPARDY
30 SECONDS
GOOD LUCK
    $200 28
Cars

Sebastian
    $200 4
Sydney

Chloë
    $200 29
wee

Chloë
    $200 12
Mark Twain

Sebastian
    $200 24
Snickers

Jon
    $200 7
a four-leaf clover

Sebastian
    $400 5
Lemonade

Sebastian
    $400 3
Calgary, Alberta, Canada

Triple Stumper
    $400 30
(Sebastian: Who is Pee Wee?)

Swee'Pea

Sebastian
Triple Stumper
    $400 13
Florence Nightingale

Sebastian
    $400 21
Taco Bell

Jon
    $400 8
a penny

Jon
    $600 1
Louie

Sebastian
    $600 26
(Jon: What is Berlin?)

Munich

JonChloë
    $600 2
(Sebastian: What is a decree?)

a guarantee

SebastianChloë
    $600 14
(Paul) Revere

Sebastian
    $600 20
DIRECTV

Chloë
    $600 17
a horseshoe

Jon
    $800 6
means

Triple Stumper
    $800 25
Helsinki

Triple Stumper
    $800 10
chablis

Triple Stumper
    $800 15
James Bowie

Triple Stumper
    $800 23
Home Depot

Jon
    $800 18
cheerio

Sebastian
    $1000 9
(Jon: What is Seabiscuit?)

Upset

JonSebastian
    $3,000 27
Salt Lake City

Chloë
    $1000 11
the Cree

Chloë
    $1000 16
(Sebastian: Who is Alice P. Toklas?)

Alice B. Toklas

Sebastian
Triple Stumper
    $1000 22
the F-150

Jon
    $1000 19
a cat

Sebastian

Scores at the first commercial break (after clue 14):

Jon Sebastian Chloë
-$600 $2,800 $1,800

Scores at the end of the Jeopardy! Round:

Jon Sebastian Chloë
$1,800 $3,400 $6,200

Double Jeopardy! Round responses

BEAR WITH US
CLASSIC MOVIES
MEDALS & DECORATIONS
LITERARY SPOILER ALERT!
I RULED IN BRITAIN FOR 50+ YEARS
SAME CONSONANT WORDS
(Alex: Each correct response will have only one consonant, though it will be used more than once.)
    $400 5
a Kodiak bear

Sebastian
    $400 7
Casablanca

Chloë
    $400 28
[The end-of-round signal sounds.]

a P.O.W.

Jon
    $400 11
Scott Turow

Triple Stumper
    $400 16
Victoria

Sebastian
    $400 21
(Jon: What is say yes?)

pop

Jon
Triple Stumper
    $800 4
a sun bear

Chloë
    $800 8
On the Waterfront

Sebastian
    $800 27
Belgium

Jon
    $800 12
[ERRATUM: "Descendent" should be spelled "descendant".]

The Da Vinci Code

Jon
    $800 17
George III

Sebastian
    $800 22
(Alex: Less than a minute now.)

tote

Sebastian
    $1200 3
cinnamon

Jon
    $1200 10
Slap Shot

Sebastian
    $1200 26
Lord Baden-Powell

Triple Stumper
    $1200 13
The Name of the Rose

Jon
    $1200 18
the Hundred Year War

Sebastian
    $1600 2
vitamin A

Jon
    $1600 6
The Graduate

Chloë
    $1600 25
the Iron Cross

Jon
    $2,000 14
(Jon: Oh, boy. No idea. What is One Flew Over the Cuckoo's Nest?)

Shutter Island

Jon
    $1,000 19
(Sebastian: Uh, what is... 2007?)

1977

Sebastian
    $2000 1
a sloth bear

Jon
    $2000 9
Splendor in the Grass

Triple Stumper
    $2000 24
a Medal of Honor

Jon
    $2000 15
(Sebastian: What is Nine Little Indians?)

Ten Little Indians (or And Then There Were None)

SebastianChloë
    $2000 20
(Chloë: What is James II?)

James VI of Scotland

Chloë
Triple Stumper
    $2000 23
a fief

Sebastian

Scores at the end of the Double Jeopardy! Round:

Jon Sebastian Chloë
$11,000 $8,000 $9,000

[wagering suggestions for these scores]

Final Jeopardy! Round responses

SMALL COUNTRIES
(Alex: [To Sebastian] We'll take it, even though you didn't spell it correctly. Looks like an S-C.)
(Sebastian: That's--)
SebastianWhat is Mauritius Scychelles
$4,000
ChloëWhat is Kiribati
$7,027
JonWhat is The Seychelles
$7,001
Seychelles

Final scores:

Jon Sebastian Chloë
$18,001 $12,000 $1,973
4-day champion: $82,301 2nd place: $2,000 3rd place: $1,000

Game dynamics:

Coryat scores:

Jon Sebastian Chloë
$13,000 $9,000 $7,000
15 R,
4 W
(including 1 DD)
18 R,
5 W
(including 1 DD)
11 R
(including 1 DD),
1 W

Combined Coryat: $29,000

The J! Archive is created by fans, for fans. The Jeopardy! game show and all elements thereof, including but not limited to copyright and trademark thereto, are the property of Jeopardy Productions, Inc. and are protected under law. This website is not affiliated with, sponsored by, or operated by Jeopardy Productions, Inc. Join the discussion at JBoard.tv.